ESTADO Y SINDICALISMO EN MEXICO/

INCLUYE BIBLIOGRAFIA

Guardado en:
Bibliografiske detaljer
Hovedforfatter: Bizberg, Ilán (autor)
Format: Bog
Fag:
Tags: Tilføj Tag
Ingen Tags, Vær først til at tagge denne postø!

MARC

LEADER 00000nam^a2200000^a^4500
001 000224491
005 20250521000000.0
009 20260310104052.057
020 |a 968-12-0437-9 
035 |a 043260 
037 |a Acervo Xavier Clavigero 
082 |a 322. 20972  |b BIZ 
100 |a Bizberg, Ilán  |e (autor) 
245 1 0 |a ESTADO Y SINDICALISMO EN MEXICO/  |c ILAN BIZBERG 
264 |a MEXICO :  |b EL COLEGIO DE MEXICO,  |c 1990 
300 |a 390p. 
336 |a texto  |b txt  |2 rdacontenido 
337 |a sin mediación  |b n  |2 rdamedio 
338 |a volumen  |b nc  |2 rdasoporte 
520 |a INCLUYE BIBLIOGRAFIA 
649 |a XX 
650 |a Sindicalismo -  |z México 
650 |a Política -  |z México 
650 |a Estado, El 
910 |a Fondo General 
920 |a Impresos - Libros 
930 |a Colección General 
905 |a 101 
901 |a 043260  |b IT1  |c ACC  |i 043260  |u 20250521 
902 |a https://opac.biblio.iteso.mx/vufind/Record/000224491